Die fünf am weitesten im Landesinneren gelegenen Hauptstädte nach Kont - Statistiken

Allgemein
  • Dieses Quiz wurde 50 mal gespielt
  • Das Durchschnittsergebnis liegt bei 15 aus 26
Antwortstatistiken
km Land Hauptstadt % Korrekt
246 Mexico Mexiko-Stadt
84%
476 Canada Ottawa
84%
828 Russia Moskau
80%
917 Brazil Brasília
77%
422 Hungary Budapest
77%
429 Ukraine Kiew
75%
522 Bolivia Sucre
73%
1311 Mongolia Ulaanbaatar
73%
363 Colombia Bogotá
70%
109 Australia Canberra
70%
1661 Kazakhstan Astana
68%
427 Czechia Prag
68%
904 Paraguay Asunción
64%
426 Belarus Minsk
61%
81 Guatemala Guatemala-Stadt
59%
163 Ecuador Quito
57%
2081 Kyrgyzstan Bischkek
52%
1784 Uzbekistan Taschkent
52%
1478 Tajikistan Duschanbe
45%
76 Honduras Tegucigalpa
41%
53 Costa Rica San José
39%
1276 South Sudan Juba
36%
1089 Chad N'Djamena
36%
967 Central African Republic Bangui
32%
1056 Rwanda Kigali
32%
1024 Burundi Gitega
25%
Keine übereinstimmenden Quizze gefunden
Verteilung der Resultate
Anzahl Personen mit jedem Resultat
Perzentil nach korrekt beantworteten Fragen
Ihre Resultats-Entwicklung
Sie haben dieses Quiz noch nicht gespielt